|
|
แสดงรายละเอียดบรรณานุกรม |
|
|
Brief Record
: Get Marc (ISO 2709)
: E-mail record
: |
| LEADER 00000nama 2200000uu 4500 | |||
| 001 188085 | |||
| 003 ULIBM | |||
| 008 040531s2001 th m m a000 0 tha d | |||
| 020 974-85383-8-9 | |||
| 041 tha | |||
| 050 PE1128 ก855ภ | |||
| 100 เกียรติศักดิ์ ซิมป์สัน | |||
| 245 ภาษาอังกฤษเพื่อการติดต่อ 001 | |||
| 260 กรุงเทพฯ human heritage 2001 | |||
| 300 207 หน้า | |||
| 650 ภาษาอังกฤษ - การสื่อสาร | |||
| 998 2002-09-12 | |||
| คุณยังไม่ได้ล็อกอิน คุณสามารถมีกิจกรรมร่วมกับเว็บไซต์ได้ แต่ต้องล็อกอินก่อน :: |
|
| สถานะ | |||||||||
| 1. | หนังสือทั่วไป สถานะ=หนังสือเก่า - บริการ ณ ห้องสมุด (ห้องเหลือง) | PE1128 ก855ภ 2001 | On Shelf ขอยืม | ||||||
| [แสดง 1/1 รายการ] | |||||||||
BibComment |
| คอมเมนท์ทรัพยากรรายการนี้ |
|
|